[Event "21st World Senior Chess Championship"]
[Site "Rijeka"]
[Date "2011.11.21"]
[Round "6.35"]
[White "Trois, Francisco R T"]
[Black "Weisenburger, Horst"]
[Result "1-0"]
[WhiteElo "2275"]
[BlackElo "2151"]
[PlyCount "75"]
[EventDate "2011.11.15"]

1. Nf3 f5 2. d4 Nf6 3. c4 g6 4. g3 Bg7 5. Bg2 d6 6. Nc3 O-O 7. O-O Qe8 8. Nb5
Na6 9. d5 c6 10. Nc3 Bd7 11. Nd4 Nc7 12. Qd3 Rb8 13. Bd2 c5 14. Ndb5 Nxb5 15.
cxb5 Ng4 16. a4 h6 17. f4 a6 18. h3 Nf6 19. b6 Nh5 20. Kh2 Bxc3 21. bxc3 Bxa4
22. g4 Ng7 23. e4 c4 24. Qg3 Bc2 25. Qh4 fxg4 26. hxg4 h5 27. Rae1 hxg4 28.
Qxg4 Kf7 29. Be3 Qc8 30. Qg3 Rh8+ 31. Kg1 Nh5 32. Qg5 Nf6 33. e5 Rh5 34. Qg3
Ne4 35. e6+ Kg7 36. Bxe4 Bxe4 37. Bd4+ Kh7 38. Rxe4 1-0

[Event "21st World Senior Chess Championship"]
[Site "Rijeka"]
[Date "2011.11.21"]
[Round "6.36"]
[White "Zoltek, Tadeusz"]
[Black "Gruzmann, Boris"]
[Result "1/2-1/2"]
[WhiteElo "2161"]
[BlackElo "2268"]
[PlyCount "67"]
[EventDate "2011.11.15"]

1. c4 e5 2. Nc3 Nc6 3. g3 g6 4. Bg2 d6 5. d3 Bg7 6. Rb1 Be6 7. b4 Qd7 8. b5 Nd8
9. Nf3 h6 10. O-O Ne7 11. e4 O-O 12. Nd5 f5 13. Nxe7+ Qxe7 14. Nh4 Qf7 15. f4
a6 16. fxe5 dxe5 17. exf5 gxf5 18. Nxf5 Bxf5 19. g4 Qd7 20. gxf5 axb5 21. cxb5
Rxf5 22. Rxf5 Qxf5 23. Qb3+ Kh8 24. Be3 Ne6 25. Rf1 Nf4 26. Bxf4 exf4 27. Qd5
Qxd5 28. Bxd5 Be5 29. Kg2 Kg7 30. Kf3 Kf6 31. Rg1 Bd6 32. Rg2 Re8 33. Re2 Rxe2
34. Kxe2 1/2-1/2

[Event "21st World Senior Chess Championship - w"]
[Site "Opatija"]
[Date "2011.11.21"]
[Round "6.2"]
[White "Fatalibekova, Elena"]
[Black "Miednikova, Swietlana"]
[Result "1/2-1/2"]
[WhiteElo "2285"]
[BlackElo "2165"]
[PlyCount "54"]
[EventDate "2011.11.21"]

1. Nf3 d5 2. d4 e6 3. c4 f5 4. g3 Nf6 5. Bg2 c6 6. O-O Bd6 7. Bf4 Bxf4 8. gxf4
O-O 9. Nbd2 Bd7 10. e3 Be8 11. Ne5 Nbd7 12. Qb3 Rb8 13. Rac1 Bh5 14. Rc2 Kh8
15. Qa3 a6 16. Qd6 Nxe5 17. fxe5 Qxd6 18. exd6 Be2 19. Re1 Bd3 20. Rc3 dxc4 21.
b3 Nd5 22. Rcc1 cxb3 23. Nxb3 b6 24. Rxc6 Bb5 25. Rc2 Rfd8 26. Nd2 Rxd6 27. Nf3
Rc6 1/2-1/2

[Event "21st World Senior Chess Championship - w"]
[Site "Opatija"]
[Date "2011.11.21"]
[Round "6.3"]
[White "Khmiadashvili, Tamar"]
[Black "Kozlovskaya, Valentina"]
[Result "1/2-1/2"]
[WhiteElo "2166"]
[BlackElo "2281"]
[PlyCount "141"]
[EventDate "2011.11.21"]

1. d4 c5 2. e3 Nf6 3. Nf3 e6 4. Bd3 b6 5. O-O Bb7 6. Nbd2 d5 7. Bb5+ Bc6 8.
Bxc6+ Nxc6 9. c4 cxd4 10. exd4 Be7 11. Ne5 Nxd4 12. Qa4+ Kf8 13. Ndf3 Nxf3+ 14.
Nxf3 h6 15. cxd5 Qxd5 16. Rd1 Qb7 17. Bf4 Kg8 18. Rac1 b5 19. Qc2 Qe4 20. Qxe4
Nxe4 21. Rd7 Bc5 22. Be3 Bb6 23. Bxb6 axb6 24. Rcc7 Rxa2 25. h3 Kh7 26. Rxf7
Rg8 27. Nd4 Nd6 28. Rfd7 Ne8 29. Rc2 Nf6 30. Rd6 Ra1+ 31. Kh2 Rd1 32. Nxb5 Rxd6
33. Nxd6 Nd5 34. g3 Ra8 35. Re2 Ra2 36. Kg2 Kg8 37. Kf3 Nb4 38. Ke4 Nc6 39. Kd3
e5 40. Kc3 Ra1 41. b3 Rc1+ 42. Kb2 Rd1 43. Nc4 b5 44. Nxe5 Nxe5 45. Rxe5 Rd2+
46. Ka3 Rxf2 47. Re3 Rf5 48. Kb4 Rd5 49. Ka5 Kf7 50. b4 h5 51. Kb6 g6 52. Kc6
Rf5 53. h4 g5 54. hxg5 Rxg5 55. Rd3 Ke7 56. Rc3 Kd8 57. Rc5 Rxg3 58. Rxh5 Rg6+
59. Kb7 Rg7+ 60. Kb8 Kd7 61. Kb7 Kd8+ 62. Kb6 Rg6+ 63. Kxb5 Kc7 64. Rh7+ Kb8
65. Ka5 Ka8 66. b5 Rf6 67. Rh5 Kb7 68. Rh7+ Kb8 69. Re7 Rh6 70. Re5 Kb7 71. Rc5
1/2-1/2

[Event "21st World Senior Chess Championship - w"]
[Site "Opatija"]
[Date "2011.11.21"]
[Round "6.4"]
[White "Strutinskaya, Galina N"]
[Black "Bogumil, Tatiana"]
[Result "1-0"]
[WhiteElo "2277"]
[BlackElo "2115"]
[PlyCount "37"]
[EventDate "2011.11.21"]

1. d4 e6 2. c4 b6 3. a3 Bb7 4. Nc3 f5 5. f3 Qh4+ 6. g3 Qh5 7. Nh3 Nf6 8. Bf4 c6
9. Qd3 Be7 10. e4 fxe4 11. fxe4 O-O 12. e5 Ng4 13. Bg2 Na6 14. Qe2 g5 15. Be3
c5 16. Bxb7 cxd4 17. Bxd4 Qxh3 18. Bg2 Qh6 19. Bxa8 1-0

[Event "21st World Senior Chess Championship - w"]
[Site "Opatija"]
[Date "2011.11.21"]
[Round "6.5"]
[White "Thipsay, Bagyashree Sathe"]
[Black "Melashvili, Nino"]
[Result "0-1"]
[WhiteElo "2152"]
[BlackElo "2106"]
[PlyCount "74"]
[EventDate "2011.11.21"]

1. e4 c6 2. d4 Na6 3. c3 g6 4. Bd3 Bg7 5. Nf3 d6 6. Bf4 Bg4 7. Nbd2 Nc7 8. h3
e5 9. Be3 Bc8 10. a4 Nh6 11. dxe5 dxe5 12. Bc4 O-O 13. Nxe5 Qf6 14. Nef3 Ne6
15. g3 Qe7 16. Qe2 Kh8 17. g4 f6 18. Bxe6 Bxe6 19. Nd4 Bd7 20. N4b3 b6 21. a5
c5 22. Bf4 Bc6 23. O-O-O Nf7 24. f3 Ne5 25. Kc2 b5 26. Be3 c4 27. Nd4 Bd7 28.
h4 Rfc8 29. h5 g5 30. Ra1 b4 31. Nf1 Nd3 32. Ng3 Qe8 33. Rhb1 Rab8 34. Ndf5
Ba4+ 35. Kd2 Nxb2 36. Rxb2 bxc3+ 37. Kxc3 Qe5+ 0-1

[Event "21st World Senior Chess Championship - w"]
[Site "Rijeka"]
[Date "2011.11.21"]
[Round "6.6"]
[White "Komysheva, Margarita"]
[Black "Bilunova, Rimma I"]
[Result "0-1"]
[WhiteElo "2081"]
[BlackElo "2151"]
[PlyCount "120"]
[EventDate "2011.11.15"]

1. e4 c5 2. Nf3 e6 3. d4 cxd4 4. Nxd4 Nf6 5. Nc3 Bb4 6. Bd3 Nc6 7. Nxc6 bxc6 8.
O-O e5 9. Qe2 d6 10. Kh1 O-O 11. Bg5 h6 12. Bh4 g5 13. Bg3 Bxc3 14. bxc3 Be6
15. c4 c5 16. Rfb1 Rb8 17. Rb3 Qa5 18. f3 Rb6 19. Be1 Qa4 20. Bc3 Rfb8 21. g3
Kg7 22. Kg2 Qd7 23. Kf2 Bh3 24. Rab1 Kh7 25. Kg1 Qe7 26. Qf2 Be6 27. Kg2 Qd7
28. g4 Ne8 29. h4 f6 30. Rh1 Kg8 31. Kg3 Qg7 32. Qh2 Bd7 33. Rhb1 Ba4 34. Rxb6
Rxb6 35. Rxb6 axb6 36. h5 Qa7 37. Qg1 Nc7 38. Qb1 Ne6 39. Qb2 Bd7 40. Qb3 Kf7
41. Bb2 Nf4 42. Bf1 Ke7 43. Bc1 Qa5 44. c3 Ne6 45. Bd3 Qa4 46. Be2 Qa5 47. Bb2
Nd8 48. Kf2 Be6 49. Bd3 Kd7 50. Ke3 Kc7 51. a4 Qa6 52. Qb5 Qxb5 53. cxb5 Bb3
54. a5 bxa5 55. c4 Kb6 56. Be2 Ne6 57. Bc3 a4 58. Kd3 Nf4+ 59. Ke3 Nxe2 60.
Kxe2 Bxc4+ 0-1

[Event "21st World Senior Chess Championship - w"]
[Site "Rijeka"]
[Date "2011.11.21"]
[Round "6.7"]
[White "Titorenko, Natalia I"]
[Black "Kuznetsova, Luba"]
[Result "1-0"]
[WhiteElo "2143"]
[BlackElo "2087"]
[PlyCount "81"]
[EventDate "2011.11.15"]

1. Nf3 d5 2. d4 e6 3. c4 c6 4. Qc2 f5 5. g3 Nf6 6. Bg2 Bd6 7. Bf4 O-O 8. Nbd2
Qc7 9. e3 Ne4 10. Bxd6 Qxd6 11. O-O Nd7 12. Rfd1 Ndf6 13. Ne5 Nxd2 14. Rxd2 Bd7
15. b4 Be8 16. Rb1 a6 17. a4 dxc4 18. Qxc4 Nd7 19. Nd3 Nb6 20. Qc5 Qd8 21. Qc2
Nd5 22. Ne5 Qe7 23. Qc5 Qd8 24. Rc1 g6 25. Rb2 Kg7 26. Nc4 Rb8 27. Ne5 g5 28.
Nd3 Rh8 29. Ne5 Kf6 30. Nc4 h6 31. Re1 Qe7 32. Ne5 Qxc5 33. bxc5 Nc3 34. Rb4
Rh7 35. Bxc6 Bxc6 36. Nxc6 Rc8 37. Ne5 Rcc7 38. Kf1 h5 39. h3 f4 40. e4 Rh8 41.
Rc4 1-0

[Event "21st World Senior Chess Championship - w"]
[Site "Rijeka"]
[Date "2011.11.21"]
[Round "6.8"]
[White "Kabanova, Irina"]
[Black "Mira, Helene"]
[Result "1/2-1/2"]
[WhiteElo "1959"]
[BlackElo "2098"]
[PlyCount "122"]
[EventDate "2011.11.15"]

1. e4 e5 2. Nf3 Nc6 3. d4 exd4 4. Bc4 Nf6 5. O-O Nxe4 6. Re1 d5 7. Bxd5 Qxd5 8.
Nc3 Qh5 9. Nxe4 Be6 10. Bg5 Bd6 11. Nxd6+ cxd6 12. Bf4 Qd5 13. c3 Rc8 14. Nxd4
Nxd4 15. Qxd4 Qxd4 16. cxd4 Kd7 17. d5 Bxd5 18. Rad1 Rhe8 19. Rxe8 Rxe8 20. f3
Bxa2 21. Rxd6+ Ke7 22. Rd2 Rc8 23. Kf2 f6 24. Bd6+ Ke6 25. Bb4 Bd5 26. Re2+ Kf5
27. Bc3 Kg6 28. Re7 Bc6 29. g4 Rd8 30. Ke3 Re8 31. Rxe8 Bxe8 32. f4 h5 33. h3
Bd7 34. Kf3 Kf7 35. f5 g5 36. fxg6+ Kxg6 37. Kf4 hxg4 38. hxg4 Kf7 39. g5 f5
40. Ke5 Kg6 41. Kf4 Be6 42. Bd4 a5 43. Bb6 a4 44. Bd4 Bg8 45. Be5 Bh7 46. Bd4
Kh5 47. Bf2 b5 48. Be1 Bg6 49. Bd2 Kh4 50. Be1+ Kh3 51. Kf3 Kh2 52. Bb4 Kg1 53.
Bc3 Kh2 54. Bb4 Kh3 55. Bc3 Kh4 56. Kf4 Kh5 57. Bd2 Bh7 58. Bc3 Kg6 59. Bd2 Kf7
60. Ke5 Ke7 61. Kd5 Bg6 1/2-1/2

[Event "21st World Senior Chess Championship - w"]
[Site "Rijeka"]
[Date "2011.11.21"]
[Round "6.9"]
[White "Lopatin, Olga"]
[Black "Dotan, Valeria"]
[Result "1/2-1/2"]
[WhiteElo "2091"]
[BlackElo "2083"]
[PlyCount "80"]
[EventDate "2011.11.15"]

1. Nf3 Nf6 2. g3 g6 3. b4 Bg7 4. Bb2 O-O 5. Bg2 d5 6. O-O c6 7. a4 Re8 8. c4
dxc4 9. Na3 Be6 10. Rc1 Na6 11. b5 cxb5 12. axb5 Nc7 13. Ne5 Bd5 14. Bh3 e6 15.
Nexc4 b6 16. d3 Bb7 17. e4 Qe7 18. Qb3 Rac8 19. Bg2 Red8 20. e5 Nfd5 21. Nd6
Rb8 22. Nxb7 Rxb7 23. Nc4 Qd7 24. Nd6 Rbb8 25. Ra1 Ra8 26. Rfb1 Ne8 27. Nxe8
Qxe8 28. Ra4 Qd7 29. Rba1 Qb7 30. Ra6 h6 31. Qa4 Rd7 32. Bd4 Qc7 33. f4 Bf8 34.
Qc4 Qd8 35. Bf2 Rc8 36. Qb3 Rcc7 37. d4 Qc8 38. Bxd5 Rc1+ 39. Kg2 Rxa1 40. Rxa1
exd5 1/2-1/2

[Event "21st World Senior Chess Championship - w"]
[Site "Rijeka"]
[Date "2011.11.21"]
[Round "6.12"]
[White "Chernova, Natalja"]
[Black "Chireykina, Natalia"]
[Result "1/2-1/2"]
[WhiteElo "2095"]
[BlackElo "1853"]
[PlyCount "54"]
[EventDate "2011.11.15"]

1. d4 Nf6 2. c4 d6 3. Nc3 e5 4. dxe5 dxe5 5. Qxd8+ Kxd8 6. Nf3 Nbd7 7. Bd2 h6
8. e4 c6 9. Be2 Kc7 10. O-O Bb4 11. Nb5+ cxb5 12. Bxb4 a5 13. Bc3 Nxe4 14.
Bxe5+ Nxe5 15. Nxe5 bxc4 16. Nxc4 Bd7 17. Rac1 Bc6 18. Ne5 Rhe8 19. Nxc6 bxc6
20. Rc2 Kb6 21. Rfc1 Rac8 22. Bc4 Nd6 23. Bb3 c5 24. h3 Rc7 25. Ba4 Re4 26. Rd2
Nb5 27. Bxb5 Kxb5 1/2-1/2

[Event "21st World Senior Chess Championship"]
[Site "Opatija"]
[Date "2011.11.22"]
[Round "7.1"]
[White "Vaisser, Anatoly"]
[Black "Rashkovsky, Nukhim N"]
[Result "1/2-1/2"]
[WhiteElo "2555"]
[BlackElo "2517"]
[PlyCount "22"]
[EventDate "2011.11.22"]

1. d4 d6 2. e4 g6 3. f4 Bg7 4. Nf3 c5 5. d5 Nf6 6. Bb5+ Nbd7 7. e5 Qa5+ 8. Nc3
Ne4 9. Bd2 Nxc3 10. Bxd7+ Bxd7 11. Bxc3 Qa6 1/2-1/2

[Event "21st World Senior Chess Championship"]
[Site "Opatija"]
[Date "2011.11.22"]
[Round "7.2"]
[White "Hulak, Krunoslav"]
[Black "Jansa, Vlastimil"]
[Result "1/2-1/2"]
[WhiteElo "2480"]
[BlackElo "2478"]
[PlyCount "50"]
[EventDate "2011.11.22"]

1. Nf3 Nf6 2. c4 g6 3. Nc3 d5 4. Qa4+ Bd7 5. Qb3 dxc4 6. Qxc4 Bg7 7. e4 O-O 8.
e5 Ne8 9. d4 Na6 10. Be2 c6 11. Qb3 Qb6 12. Qxb6 axb6 13. Na4 b5 14. Nb6 Rd8
15. Nxd7 Rxd7 16. a4 Nb4 17. Kd1 Nc7 18. Be3 bxa4 19. Rxa4 Nbd5 20. Bd2 Ne6 21.
Kc2 Rfd8 22. g3 Nb6 23. Rb4 Nd5 24. Ra4 Nb6 25. Rb4 Nd5 1/2-1/2

[Event "21st World Senior Chess Championship"]
[Site "Opatija"]
[Date "2011.11.22"]
[Round "7.3"]
[White "Komljenovic, Davorin"]
[Black "Pushkov, Nikolai"]
[Result "1-0"]
[WhiteElo "2451"]
[BlackElo "2395"]
[PlyCount "113"]
[EventDate "2011.11.22"]

1. g3 d5 2. Bg2 Nf6 3. d3 e6 4. Nf3 Nbd7 5. O-O b6 6. e4 dxe4 7. Ng5 Bb7 8. Nc3
Be7 9. Ncxe4 Nxe4 10. Nxe4 Rb8 11. Qg4 g6 12. Qe2 O-O 13. Bh6 Re8 14. Rad1 Nc5
15. Nxc5 Bxc5 16. Bxb7 Rxb7 17. Qe4 Rb8 18. d4 Bd6 19. Rfe1 Qd7 20. h4 Bf8 21.
Bxf8 Kxf8 22. Qe5 Kg8 23. h5 Qd6 24. h6 Qxe5 25. dxe5 Red8 26. Kg2 Kf8 27. Kf3
Ke7 28. Ke4 f6 29. exf6+ Kxf6 30. f4 Rd6 31. Rd3 Rxd3 32. cxd3 c5 33. Rc1 Rd8
34. Rc4 g5 35. a3 gxf4 36. gxf4 Rd5 37. b4 Rh5 38. d4 cxd4 39. Rc7 Rxh6 40.
Rxa7 Rh4 41. Rb7 Rh3 42. Rxb6 Re3+ 43. Kxd4 Rxa3 44. Rb8 Rf3 45. Kc5 Kg7 46. b5
Rxf4 47. b6 Rf1 48. Rd8 Rc1+ 49. Kd6 Rb1 50. Kc7 Rc1+ 51. Kb8 Rb1 52. b7 Kf6
53. Kc7 h5 54. b8=Q Rxb8 55. Rxb8 Kg5 56. Kd6 h4 57. Ke5 1-0

[Event "21st World Senior Chess Championship"]
[Site "Opatija"]
[Date "2011.11.22"]
[Round "7.4"]
[White "Timoscenko, Gennadij"]
[Black "Chernov, Evgen"]
[Result "1-0"]
[WhiteElo "2483"]
[BlackElo "2311"]
[PlyCount "67"]
[EventDate "2011.11.22"]

1. d4 Nf6 2. c4 e6 3. Nc3 c5 4. d5 d6 5. Nf3 exd5 6. cxd5 g6 7. Bf4 a6 8. a4
Nh5 9. Bg5 Qc7 10. Nd2 h6 11. Bh4 f5 12. e3 Be7 13. Bxe7 Qxe7 14. Nc4 Nd7 15.
Be2 Nhf6 16. O-O O-O 17. Rb1 Rb8 18. b4 cxb4 19. Rxb4 b6 20. Qd4 a5 21. Rbb1
Ba6 22. Nxb6 Rxb6 23. Rxb6 Bxe2 24. Nxe2 Nxb6 25. Qxb6 Qd8 26. Qc6 Qb8 27. Nf4
Rc8 28. Qa6 g5 29. Ne6 Nxd5 30. Qxa5 Qa8 31. Qb5 Kf7 32. Qd7+ Ne7 33. Nc7 Qe4
34. Nb5 1-0

[Event "21st World Senior Chess Championship"]
[Site "Opatija"]
[Date "2011.11.22"]
[Round "7.5"]
[White "Klundt, Klaus"]
[Black "Kurajica, Bojan"]
[Result "0-1"]
[WhiteElo "2383"]
[BlackElo "2532"]
[PlyCount "70"]
[EventDate "2011.11.22"]

1. e4 c5 2. Nf3 Nc6 3. d4 cxd4 4. Nxd4 Qb6 5. Nb3 Nf6 6. Nc3 e6 7. Bd3 a6 8.
O-O d6 9. Kh1 Qc7 10. f4 b5 11. Bd2 Bb7 12. Qf3 g6 13. Rae1 Bg7 14. Qh3 O-O 15.
f5 Rae8 16. Bg5 b4 17. Nd1 exf5 18. exf5 Rxe1 19. Rxe1 Ne5 20. Qh4 Nxd3 21.
cxd3 Qc2 22. Ne3 Qxb2 23. Qxb4 Ba8 24. Qd2 Qxd2 25. Nxd2 Re8 26. fxg6 fxg6 27.
Bh4 Nd7 28. Nb3 Bc3 29. Rc1 Bf6 30. Bxf6 Nxf6 31. Nc4 Re2 32. Nxd6 Bxg2+ 33.
Kg1 Bh3 34. Ne4 Ng4 35. Ng5 Rg2+ 0-1

[Event "21st World Senior Chess Championship"]
[Site "Opatija"]
[Date "2011.11.22"]
[Round "7.7"]
[White "Leskovar, Mario"]
[Black "Kuyindzhi, Alexander A"]
[Result "0-1"]
[WhiteElo "2316"]
[BlackElo "2435"]
[PlyCount "48"]
[EventDate "2011.11.22"]

1. d4 Nf6 2. c4 e6 3. Nc3 Bb4 4. Bg5 h6 5. Bh4 b6 6. f3 Nc6 7. e3 Ba6 8. Qc2
Na5 9. a3 Bxc3+ 10. Qxc3 Ne4 11. Bxd8 Nxc3 12. Bxc7 Nb3 13. bxc3 Nxa1 14. Bd6
Rc8 15. c5 Nc2+ 16. Kf2 Bxf1 17. Kxf1 Nxe3+ 18. Kf2 Nd1+ 19. Kg3 Nxc3 20. cxb6
axb6 21. Nh3 Ne2+ 22. Kf2 Nxd4 23. Rd1 Rc2+ 24. Kf1 Nf5 0-1

[Event "21st World Senior Chess Championship"]
[Site "Opatija"]
[Date "2011.11.22"]
[Round "7.10"]
[White "Kelleher, William"]
[Black "Rukavina, Josip"]
[Result "1/2-1/2"]
[WhiteElo "2300"]
[BlackElo "2421"]
[PlyCount "81"]
[EventDate "2011.11.22"]

1. e4 d6 2. d4 Nf6 3. Nc3 e5 4. dxe5 dxe5 5. Qxd8+ Kxd8 6. Bc4 Be6 7. Bxe6 fxe6
8. f3 Bb4 9. Nge2 Nc6 10. Be3 a6 11. O-O-O+ Ke7 12. Rd3 b5 13. Kb1 Rhd8 14.
Rhd1 Na5 15. Rxd8 Rxd8 16. Rxd8 Kxd8 17. b3 Nb7 18. Nd1 Nd7 19. c3 Bc5 20. Kc2
Ke7 21. Nc1 Kd6 22. Nd3 Bxe3 23. Nxe3 Nbc5 24. Nb2 c6 25. b4 Nb7 26. a4 c5 27.
axb5 axb5 28. Nd3 c4 29. Nf2 Nd8 30. Kd2 Nf7 31. g3 g5 32. Ng2 Ke7 33. Ke3 h5
34. h4 Kf6 35. hxg5+ Kxg5 36. f4+ Kf6 37. Kf3 Nh6 38. g4 exf4 39. Kxf4 Nxg4 40.
Nxg4+ hxg4 41. Ne3 1/2-1/2

[Event "21st World Senior Chess Championship"]
[Site "Opatija"]
[Date "2011.11.22"]
[Round "7.12"]
[White "Van Riemsdijk, Herman C"]
[Black "Sloth, Jorn"]
[Result "0-1"]
[WhiteElo "2404"]
[BlackElo "2349"]
[PlyCount "94"]
[EventDate "2011.11.22"]

1. e4 e6 2. d4 d5 3. Nc3 Nf6 4. Bg5 dxe4 5. Nxe4 Be7 6. Bxf6 gxf6 7. Nf3 f5 8.
Nc3 a6 9. Be2 c5 10. d5 Bf6 11. dxe6 fxe6 12. Qxd8+ Kxd8 13. Na4 Kc7 14. O-O b6
15. Rad1 Bd7 16. b3 Bc6 17. c4 Nd7 18. Rc1 Rhg8 19. Nc3 Rg7 20. g3 h5 21. Ne1
Ne5 22. Nd3 Nxd3 23. Bxd3 h4 24. Ne2 Bg5 25. f4 Bf6 26. Kf2 Rh8 27. Rg1 hxg3+
28. hxg3 Rh2+ 29. Ke3 Rd7 30. Rgf1 Bd4+ 31. Kd2 Bg2 32. Rfd1 Bf3 33. Rc2 Bf2
34. Kc3 Bxg3 35. Rf1 Rxd3+ 36. Kxd3 Be4+ 37. Ke3 Bxc2 38. Nxg3 Rg2 39. Ne2 Be4
40. Rd1 b5 41. cxb5 axb5 42. b4 cxb4 43. Rd4 Kc6 44. Rxb4 Kc5 45. a3 Bd5 46.
Rb1 Bc4 47. Nc3 Rc2 0-1

[Event "21st World Senior Chess Championship"]
[Site "Opatija"]
[Date "2011.11.22"]
[Round "7.14"]
[White "Suba, Mihai"]
[Black "Ruckschloss, Karol"]
[Result "1-0"]
[WhiteElo "2458"]
[BlackElo "2297"]
[PlyCount "99"]
[EventDate "2011.11.22"]

1. c4 f5 2. d4 Nf6 3. g3 g6 4. Bg2 Bg7 5. Nc3 d6 6. d5 e5 7. dxe6 c6 8. Nh3
Bxe6 9. Qb3 Qe7 10. Bf4 Na6 11. Rd1 O-O-O 12. Qa3 Bxc4 13. Bxd6 Qe8 14. O-O Bf8
15. b3 Rxd6 16. Rxd6 Qe5 17. Qa4 Bxd6 18. Qxc4 Nc7 19. Ng5 Qe7 20. Nf7 Re8 21.
Nxd6+ Qxd6 22. Rd1 Qe5 23. b4 Rd8 24. Rxd8+ Kxd8 25. h3 a6 26. a4 Ke7 27. e3
Kf8 28. Bf3 Nfe8 29. Kg2 Nd6 30. Qd3 a5 31. bxa5 Ke7 32. Ne2 Qxa5 33. Qd4 Ne6
34. Qh4+ Ke8 35. Qxh7 Nf8 36. Qg7 Qxa4 37. Nf4 Qa2 38. Nxg6 Nxg6 39. Qxg6+ Ke7
40. h4 Qe6 41. Qg7+ Qf7 42. Qh8 Qf8 43. Qe5+ Kd7 44. h5 Qh6 45. Kh3 Qg5 46. Qh8
c5 47. Kg2 c4 48. h6 c3 49. Bd1 Ne4 50. Qd4+ 1-0

[Event "21st World Senior Chess Championship"]
[Site "Opatija"]
[Date "2011.11.22"]
[Round "7.15"]
[White "Cebalo, Miso"]
[Black "Jacobsen, Bo"]
[Result "1-0"]
[WhiteElo "2446"]
[BlackElo "2317"]
[PlyCount "80"]
[EventDate "2011.11.22"]

1. d4 d6 2. c4 f5 3. Nf3 Nf6 4. Nc3 g6 5. g3 Bg7 6. Bg2 O-O 7. O-O Nc6 8. d5
Ne5 9. Nxe5 dxe5 10. c5 h6 11. Qb3 Kh8 12. Rd1 g5 13. Bd2 a6 14. Be1 Rb8 15.
Rac1 b5 16. a4 b4 17. a5 Qe8 18. Na2 f4 19. Nxb4 Qh5 20. d6 exd6 21. cxd6 cxd6
22. Rxd6 Bh3 23. Bxh3 Qxh3 24. Qf3 g4 25. Qg2 Qh5 26. Nd3 f3 27. exf3 gxf3 28.
Qf1 Ne4 29. Rxa6 Ng5 30. h4 e4 31. hxg5 exd3 32. Rcc6 Qxg5 33. Qxd3 Rbd8 34.
Rd6 Rxd6 35. Rxd6 Qc1 36. Qd2 Qb1 37. Kh2 Re8 38. Rd8 Rxd8 39. Qxd8+ Kh7 40.
Qe7 Qg6 1-0

[Event "21st World Senior Chess Championship"]
[Site "Rijeka"]
[Date "2011.11.22"]
[Round "7.17"]
[White "Balashov, Yuri S"]
[Black "Trois, Francisco R T"]
[Result "1-0"]
[WhiteElo "2443"]
[BlackElo "2275"]
[PlyCount "59"]
[EventDate "2011.11.22"]

1. d4 Nf6 2. c4 c6 3. Nc3 d5 4. e3 g6 5. Nf3 Bg7 6. Bd3 O-O 7. O-O Bg4 8. h3
Bxf3 9. Qxf3 e6 10. b3 Nbd7 11. Bb2 Re8 12. Rfd1 Qe7 13. Qe2 dxc4 14. Bxc4 e5
15. d5 cxd5 16. Nxd5 Nxd5 17. Bxd5 Nb6 18. Be4 Rad8 19. g4 Nc8 20. Rxd8 Rxd8
21. Rd1 Rxd1+ 22. Qxd1 Qd6 23. Qf3 b6 24. Bd5 Qd7 25. e4 h6 26. Ba3 a5 27. Qd3
Bf8 28. Bb2 Qc7 29. Qf3 Bd6 30. Qf6 1-0

[Event "21st World Senior Chess Championship"]
[Site "Rijeka"]
[Date "2011.11.22"]
[Round "7.18"]
[White "Shvedchikov, Anatoli I"]
[Black "Kolbak, Jens"]
[Result "1/2-1/2"]
[WhiteElo "2423"]
[BlackElo "2262"]
[PlyCount "90"]
[EventDate "2011.11.22"]

1. c4 Nf6 2. Nc3 e6 3. e4 d6 4. d4 Be7 5. f3 a6 6. Be3 Nbd7 7. Nh3 Nf8 8. Nf2
Rb8 9. Be2 Ng6 10. O-O Bd7 11. f4 O-O 12. e5 Ne8 13. g3 c6 14. exd6 Nxd6 15.
Nfe4 Nxe4 16. Nxe4 Qc7 17. Rc1 f5 18. Nf2 b6 19. Nd3 c5 20. dxc5 bxc5 21. Rf2
Rbd8 22. Bf3 Kh8 23. Rd2 Bc6 24. Bxc6 Qxc6 25. Qe2 Rfe8 26. Rcd1 Rc8 27. Bf2 a5
28. h4 Qe4 29. h5 Qxe2 30. Rxe2 Nf8 31. Ne5 Kg8 32. Rd3 a4 33. Red2 Bf6 34. Rd6
Bxe5 35. fxe5 g6 36. Be3 gxh5 37. Bg5 Kf7 38. Bh6 Kg6 39. Bxf8 Rxf8 40. Rxe6+
Kg5 41. Re7 f4 42. Rg7+ Kf5 43. gxf4 Rg8 44. Rdg2 Rxg7 45. Rxg7 Kxf4 1/2-1/2

[Event "21st World Senior Chess Championship"]
[Site "Rijeka"]
[Date "2011.11.22"]
[Round "7.19"]
[White "Mishuchkov, Nikolai M"]
[Black "Wittmann, Walter"]
[Result "1-0"]
[WhiteElo "2418"]
[BlackElo "2269"]
[PlyCount "45"]
[EventDate "2011.11.22"]

1. d4 d5 2. Nf3 Nf6 3. c4 e6 4. g3 dxc4 5. Bg2 Bd7 6. Ne5 Bc6 7. Nxc6 Nxc6 8.
O-O Qd7 9. Nc3 Be7 10. e3 Nd5 11. Nxd5 exd5 12. b3 cxb3 13. Qxb3 O-O 14. Qxd5
Bd6 15. Qc4 Rab8 16. Bd2 Ne7 17. a4 b6 18. Bc3 Rfc8 19. Rfd1 c6 20. Qf1 Qe8 21.
e4 f6 22. f4 Rd8 23. f5 1-0

[Event "21st World Senior Chess Championship"]
[Site "Rijeka"]
[Date "2011.11.22"]
[Round "7.21"]
[White "Katalymov, Boris"]
[Black "Brinck-Claussen, Bjorn"]
[Result "0-1"]
[WhiteElo "2374"]
[BlackElo "2263"]
[PlyCount "78"]
[EventDate "2011.11.22"]

1. e4 c5 2. Nc3 a6 3. f4 e6 4. Nf3 Nc6 5. d4 cxd4 6. Nxd4 Qc7 7. Be3 Bb4 8. Qg4
Kf8 9. Bd3 Nf6 10. Qh4 d5 11. e5 Ne4 12. a3 Be7 13. Qh5 Nxc3 14. bxc3 g6 15.
Qh6+ Kg8 16. O-O Bf8 17. Qg5 Ne7 18. Rae1 Qxc3 19. g4 h6 20. Qf6 Qc7 21. f5 Bg7
22. Qh4 exf5 23. gxf5 Bxf5 24. Bxf5 Nxf5 25. Nxf5 gxf5 26. Rxf5 Re8 27. Bd4 Rh7
28. c3 Re6 29. Qf4 Bf8 30. Qf3 Qd7 31. Kh1 Rg7 32. a4 Be7 33. Rf1 Bd8 34. Qh5
Bb6 35. Qd1 Bxd4 36. Qxd4 Rc6 37. Rf6 Rxf6 38. Rxf6 Qg4 39. Qxd5 Qg1# 0-1

[Event "21st World Senior Chess Championship"]
[Site "Rijeka"]
[Date "2011.11.22"]
[Round "7.22"]
[White "Filipenko, Alexander V"]
[Black "Simon Padros, Emili"]
[Result "1-0"]
[WhiteElo "2353"]
[BlackElo "2258"]
[PlyCount "79"]
[EventDate "2011.11.22"]

1. e4 e6 2. d4 d5 3. Nc3 Bb4 4. Qg4 Nf6 5. Qxg7 Rg8 6. Qh6 Rg6 7. Qe3 dxe4 8.
Nge2 b6 9. Nf4 Rg8 10. a3 Bxc3+ 11. Qxc3 Qd6 12. Bb5+ Bd7 13. Be2 a6 14. g3 Bc6
15. Be3 Bb7 16. Qd2 Nbd7 17. c4 e5 18. dxe5 Qxd2+ 19. Kxd2 Nxe5 20. Kc3 O-O-O
21. h3 Nf3 22. Rhd1 Rxd1 23. Rxd1 Rd8 24. Rxd8+ Kxd8 25. c5 b5 26. a4 Ng1 27.
Bf1 Nd5+ 28. Nxd5 Bxd5 29. axb5 axb5 30. Kd4 c6 31. Ke5 Ke7 32. Bg5+ Kd7 33.
Kf6 Nf3 34. h4 h5 35. Bh3+ Ke8 36. Kg7 Ne1 37. Bf6 Bc4 38. Bf5 Bd3 39. g4 hxg4
40. Bxg4 1-0

[Event "21st World Senior Chess Championship"]
[Site "Rijeka"]
[Date "2011.11.22"]
[Round "7.24"]
[White "Jadrijevic, Ante"]
[Black "Yasseen, Aly"]
[Result "1-0"]
[WhiteElo "2231"]
[BlackElo "2342"]
[PlyCount "129"]
[EventDate "2011.11.22"]

1. d4 Nf6 2. Nf3 c5 3. e3 e6 4. Nbd2 Be7 5. c3 b6 6. Bd3 Bb7 7. e4 d6 8. O-O
Nc6 9. a3 a5 10. Re1 O-O 11. Nf1 Nd7 12. Ng3 cxd4 13. cxd4 Bf6 14. Be3 g6 15.
Rc1 Ne7 16. Bh6 Bg7 17. Qd2 e5 18. Bxg7 Kxg7 19. Qg5 f6 20. Qe3 Rc8 21. h4 h5
22. Ne2 Ng8 23. Nc3 Nh6 24. Nb5 Qe7 25. b4 axb4 26. axb4 Ng4 27. Qd2 exd4 28.
Nbxd4 Nde5 29. Bb1 Rxc1 30. Rxc1 Nxf3+ 31. gxf3 Ne5 32. f4 Qd7 33. fxe5 Qg4+
34. Kf1 fxe5 35. Rc7+ Rf7 36. Rxf7+ Kxf7 37. Ne2 Bxe4 38. Bxe4 Qxe4 39. Ng3
Qc4+ 40. Kg1 d5 41. Qe3 Qxb4 42. Qxe5 Qc4 43. Ne2 Qg4+ 44. Kf1 Qh3+ 45. Ke1
Qh1+ 46. Kd2 Qxh4 47. Qxd5+ Kg7 48. Qb7+ Kg8 49. Qxb6 Qg5+ 50. Ke1 h4 51. Qe6+
Kg7 52. Kf1 Kh7 53. Qf7+ Kh6 54. Nf4 Qg4 55. Ng2 h3 56. Qf4+ Kh5 57. Qxg4+ Kxg4
58. Ne1 g5 59. Kg1 Kf5 60. Kh1 Kg4 61. Kh2 Kh4 62. Nf3+ Kh5 63. Kxh3 g4+ 64.
Kg3 gxf3 65. Kxf3 1-0